| 000 | 01734nam0a2200325 4500 | ||
|---|---|---|---|
| 001 | RU\NLR\BIBL_A\011828521 | ||
| 005 | 20181116151600.0 | ||
| 010 |
_a978-5-7256-0871-7 _9100 |
||
| 021 |
_aRU _bКН-П-18-069141 _9КН-П-18-4972 |
||
| 035 | _a(NLR Aleph) 011828521 | ||
| 035 | _a(RuMoRGB)009747860 | ||
| 090 |
_a11998958 _c11998958 |
||
| 100 | _a20181019d2018 u y0rusy50 ca | ||
| 101 | 0 | _arus | |
| 102 | _aRU | ||
| 105 | _aa zzzz0|||1yy | ||
| 200 | 1 |
_aПроектирование систем на кристалле с программируемой архитектурой _eучебное пособие _fА. А. Беляев, П. С. Волобуев _gМинистерство образования и науки Российской Федерации, Национальный исследовательский университет "МИЭТ" |
|
| 210 |
_aМосква _cМИЭТ _d2018 |
||
| 215 |
_a135 с., [1] л. схем. _cил., табл. _d21 |
||
| 320 | _aБиблиогр.: с. 130-133 (31 назв.) | ||
| 606 | 1 |
_aИнтегральные схемы на СНК-структурах _jУчебные издания для высших учебных заведений _xПроектирование _92387450 _3RU\NLR\AUTH\6601644604 |
|
| 610 | 0 | _aсистемы на кристалле | |
| 686 | 1 | _aЗ844.15-02я73-1 | |
| 700 | 1 |
_aБеляев _bА. А. _cд-р техн. наук, электроника _gАндрей Александрович _9197192 _3RU\NLR\AUTH\770197243 |
|
| 701 | 1 |
_aВолобуев _bП. С. _gПавел Сергеевич |
|
| 942 | _cBOOK | ||
| 980 | _aNBR | ||
| 980 | _aNB | ||